000 00217nam a22000857a 4500
008 161015b xxu||||| |||| 00| 0 eng d
100 _9858
_a Beers, V.G
245 _aFriends Are Helpers
260 _aMichigan
_b Edu.Pub
_c1991
999 _c3510
_d3510